000 00404nam a2200181Ia 4500
001 19470
005 20260306172655.0
008 260306t2013||||xx |||||||||||||| ||spa||
041 _aESP
082 _a346.5
_bV63 2013
100 _aVidal Ramírez, Fernando
_eAUT
245 0 _aEl acto jurídico
260 _c2013
300 _a
_c
650 _aGEN
654 _aCDE
942 _cLIB
_dJUS
_fJUS
_2ddc
_n
999 _c19470
_d19470